000 00754nam a2200253Ia 4500
003 OSt
005 20220918163310.0
006 a|||||r|||| 00| 0
007 ta
008 220917b |||||||| |||| 00| 0 eng d
020 _a0 521 35240 1 (hbk)
024 _a240,764
037 _cTextual
040 _aARTS
_cARTS
_beng
041 _2eng
_aeng
082 _aO122,1:g(Y), 111N3
100 _aPaterson Linda M.
_912550
245 0 _aWorld of the troubadours
_b Medieval occitan society, c. 1100 - c. 1300
260 _aNew York
_bCambridge University Press U.S.A
_c1993
300 _axii, 365p.
_ccm.
650 _aENGLISH LITERATURE
942 _hO122,1:g(Y), 111N3
_cTEXL
_2CC
999 _c118984
_d118984